| 000 | 00420nam a22001697a 4500 | ||
|---|---|---|---|
| 003 | NUST - PNEC | ||
| 005 | 20170116181145.0 | ||
| 008 | 151012b xxu||||| |||| 00| 0 eng d | ||
| 020 | _a0550172521 | ||
| 040 | _cLIBRARY | ||
| 082 | _a032.02 LEE | ||
| 100 |
_914958 _aLEE MIN |
||
| 245 |
_aChambers quick facts _cMin lee |
||
| 260 | _cc1991. | ||
| 650 |
_914959 _aHandbooks, vade-mecums, _xGeneral |
||
| 942 |
_2ddc _cBK |
||
| 999 |
_c70680 _d70680 |
||